The Clinic... firme junto al pueblo

Uloženo v:
Podrobná bibliografie
Médium: Kniha
Jazyk:španělština
Vydáno: Santiago Bobby 2003
Vydání:2a. ed
Témata:
Tagy: Přidat tag
Žádné tagy, Buďte první, kdo vytvoří štítek k tomuto záznamu!

MARC

LEADER 00000nam a2200000 a 4500
001 UCL7169
003 CL-VaPUC
008 040507e20030000CL |||||||||||||||||spa|d
020 |a 9568233008 
082 0 4 |a 070.41  |b THE  |2 21 
245 1 0 |a The Clinic... firme junto al pueblo 
250 |a 2a. ed 
300 |a pág. irreg 
942 |c BK 
945 |d 20040507 00:00:00  |a cmena 
260 |a Santiago  |b Bobby  |c 2003 
650 7 |a PERIODISMO POLITICO  |2 CL-VaPUC  |9 484980 
650 0 |a Periódicos   |9 335528 
650 0 |a Crónicas periodísticas  |9 334474 
650 7 |a CRITICA SOCIAL  |2 CL-VaPUC  |9 331282 
583 |a last modification  |c 20040507 00:00:00  |k Rodrigo Vera 
999 |c 309022  |d 309020 
952 |0 0  |1 0  |4 0  |6 070_410000000000000_THE_2003  |7 0  |8 A  |9 376092  |a BIBCUR  |b BIBCUR  |d 2019-11-21  |i 4011414  |l 1  |o 070.41 THE 2003  |p 4011414  |r 2025-04-22  |s 2024-10-10  |w 2019-11-21  |y BK  |k PER